000 00519nam a2200181Ia 4500
008 090124s9999 xx 000 0 und d
082 _b29887
100 _aरानडे जयंत
245 _a डबल क्रॉस
250 _a0
260 _bश्रद्धा प्रकाशन
_c1991
300 _a135
600 _aरानडे जयंत
630 _a डबल क्रॉस
700 _aरानडे जयंत
730 _a डबल क्रॉस
942 _cBOOK
999 _c95069
_d95069